000 00717nam a2200229 u 4500
005 20210223132956.0
008 160610s2002 r 000 0 eng d
020 _a9788434225060
035 _aUPN01000211356
049 _aI
050 4 _aTH149
_bR6.2
100 1 _aRodríguez, Alicia
_935839
245 1 0 _aConstrucción & arquitectura /
_cAlicia Rodríguez ; colab. Agustín González.
260 _aBarcelona, Esp. :
_bParramón,
_c2002.
300 _a48 p. :
_bil. col.
440 0 _aPequeño ingeniero
650 4 _aCONSTRUCCION -
_vLITERATURA INFANTIL
_925250
650 4 _aARQUITECTURA -
_vLITERATURA JUVENIL
_923259
700 1 _aGonzález, Agustín
_ecolab.
905 _aInfantil
999 _c183457
_d183457